Countries within 500km of Liberia - Statistics

General Stats
  • This quiz has been taken 21 times
  • The average score is 6 of 6
Answers on the Map
Answers color-coded by a green-red scale on the quiz's map according to % correct below.
 
Answer Stats
Answer % Correct
Sierra Leone
100%
Ghana
95%
Guinea
95%
Ivory Coast
95%
Mali
95%
Burkina Faso
89%
No matching quizzes found
Score Distribution
Percent of People with Each Score
Percentile by Number Answered
Your Score History
You have not taken this quiz